| 000 | 00992nam a2200289 a 4500 | ||
|---|---|---|---|
| 001 | 46080 | ||
| 003 | BD-RjUL | ||
| 005 | 20211209054115.0 | ||
| 008 | 160729r19541959ilua b 001 0 eng | ||
| 035 | _a(BD-RjUL) 46198 | ||
| 040 |
_aDLC _cDLC _dBD-RjUL _beng |
||
| 041 | _aeng | ||
| 082 | 0 | 0 |
_a336.7 _bDUG 1959 |
| 100 | 1 |
_aDue, John Fitzgerald. John Fitzgerald Due _96419 |
|
| 245 | 1 | 0 |
_aGovernment finance : _ban economic analysis / _cJohn Fitzgerald Due |
| 250 | _arev. ed. | ||
| 260 |
_aHomewood ; Ill. : _bR. D. Irwin, _cc1954 [printing 1959]. |
||
| 300 |
_axix, 627 p. : _bill. ; _c23 cm. |
||
| 490 | 0 | _aThe Irwin series in economics | |
| 504 | _aIncludes index. | ||
| 650 | 0 |
_aFinance, Public. _99208 |
|
| 650 | 0 |
_aFinance, Public _zUnited States. _97787 |
|
| 650 | 0 |
_aFinance, Public _zCanada. _99209 |
|
| 856 |
_3WorldCat _uhttp://www.worldcat.org/title/government-finance-an-economic-analysis/oclc/722579&referer=brief_results |
||
| 942 |
_2ddc _cBK |
||
| 999 |
_c46080 _d46080 |
||